|
|
|
|
| LEADER |
01367nam a2200337Ia 4500 |
| 001 |
EBC348654 |
| 003 |
MiAaPQ |
| 005 |
20200520144314.0 |
| 006 |
m o d | |
| 007 |
cr cn||||||||| |
| 008 |
901013s2008 enk sb 000 0 eng d |
| 020 |
|
|
|z 9781846638107
|
| 035 |
|
|
|a (MiAaPQ)EBC348654
|
| 035 |
|
|
|a (Au-PeEL)EBL348654
|
| 035 |
|
|
|a (CaPaEBR)ebr10229722
|
| 035 |
|
|
|a (OCoLC)243705591
|
| 040 |
|
|
|a MiAaPQ
|c MiAaPQ
|d MiAaPQ
|
| 050 |
|
4 |
|a RA565.A1
|b E58612 2008
|
| 245 |
0 |
0 |
|a Management of environmental quality.
|n Volume 19, Number 2,
|p Current issues of sustainable development
|h [electronic resource] /
|c Guest editors: Professor Joost Platje and Professor Walter Leal Filho.
|
| 260 |
|
|
|a [Bradford, England] :
|b Emerald,
|c 2008.
|
| 300 |
|
|
|a p. 151-263.
|
| 490 |
0 |
|
|a Management of environmental quality ;
|v v.19, no.2
|
| 504 |
|
|
|a Includes bibliographical references.
|
| 533 |
|
|
|a Electronic reproduction. Ann Arbor, MI : ProQuest, 2015. Available via World Wide Web. Access may be limited to ProQuest affiliated libraries.
|
| 650 |
|
0 |
|a Environmental health.
|
| 650 |
|
0 |
|a Economic development
|x Environmental aspects.
|
| 655 |
|
4 |
|a Electronic books.
|
| 700 |
1 |
|
|a Platje, Joost.
|
| 700 |
1 |
|
|a Leal Filho, Walter.
|
| 710 |
2 |
|
|a ProQuest (Firm)
|
| 856 |
4 |
0 |
|u https://ebookcentral.proquest.com/lib/matrademy/detail.action?docID=348654
|z Click to View
|